| 000 | 00495nam a2200169Ia 4500 | ||
|---|---|---|---|
| 999 |
_c24169 _d24169 |
||
| 003 | OSt | ||
| 005 | 20201230155333.0 | ||
| 008 | 190216s9999||||xx |||||||||||||| ||und|| | ||
| 040 | _coclc | ||
| 082 |
_a894.8121 _bBAL/K |
||
| 100 | 0 |
_aBalamani Amma, N _9292 _d1909- |
|
| 245 | 0 |
_aKudumbini / _cBalamani Amma |
|
| 260 |
_bMathrubhumi Printing &publishing, _c1956. _aKozhikode: |
||
| 300 | _a36p | ||
| 650 | _aKavithkal | ||
| 942 |
_cBK _2ddc _h894.8121 _iBAL/K _k894.8121 _mBAL/K |
||